[Event "Europa tch 2011 femenino"]
[Site "Porto Carras"]
[Date "2011.11.03"]
[Round "1.2"]
[White "Ushenina, Anna"]
[Black "Botsari, Anna-Maria"]
[Result "1/2-1/2"]
[WhiteElo "2463"]
[BlackElo "2313"]
[PlyCount "72"]
[EventDate "2011.11.03"]
[EventType "team"]
[EventRounds "9"]
[EventCountry "GRE"]
[Source "lmi"]
[SourceDate "2011.11.03"]

1. d4 Nf6 2. c4 e6 3. Nf3 b6 4. Nc3 Bb4 5. e3 Bb7 6. Bd3 O-O 7. O-O c5 8. Na4
Na6 9. a3 Ba5 10. d5 exd5 11. cxd5 Re8 12. Rb1 d6 13. b3 Qd7 14. Bb2 Ne4 15.
Bxe4 Rxe4 16. Ng5 Rg4 17. Nh3 b5 18. Nc3 Bxc3 19. Bxc3 Nc7 20. Nf4 Qf5 21. f3
Rh4 22. Be1 Rh6 23. Bg3 Qg5 24. e4 f5 25. b4 c4 26. a4 fxe4 27. fxe4 Qe7 28.
Qd4 bxa4 29. Qxc4 Ba6 30. b5 Bxb5 31. Rxb5 Nxb5 32. Qxb5 Qxe4 33. Ne6 Qe3+ 34.
Bf2 Qe5 35. Bg3 Qe3+ 36. Bf2 Qe5 1/2-1/2

[Event "Europa tch 2011 femenino"]
[Site "Porto Carras"]
[Date "2011.11.03"]
[Round "1.7"]
[White "Exler, Veronika"]
[Black "Michna, Marta"]
[Result "0-1"]
[WhiteElo "2124"]
[BlackElo "2382"]
[PlyCount "72"]
[EventDate "2011.11.03"]
[EventType "team"]
[EventRounds "9"]
[EventCountry "GRE"]
[Source "lmi"]
[SourceDate "2011.11.03"]

1. e4 e6 2. d4 d5 3. Nc3 Nf6 4. e5 Nfd7 5. f4 c5 6. Nf3 Nc6 7. Be3 Qb6 8. Na4
Qa5+ 9. c3 c4 10. b4 Qc7 11. a3 Be7 12. Be2 f5 13. exf6 Nxf6 14. Ne5 O-O 15.
O-O b6 16. Nb2 Ne4 17. Qc2 Nd6 18. Rf3 Nxe5 19. fxe5 Nf5 20. Rh3 g6 21. Bd2 a5
22. g4 Nh4 23. Qc1 Qd8 24. Bd1 Bd7 25. g5 axb4 26. Rxh4 bxa3 27. Nxc4 dxc4 28.
Bg4 Qc8 29. Qb1 Qc6 30. Bh3 Qf3 31. Qe1 Bc6 32. Bxe6+ Kh8 33. d5 Bc5+ 34. Rd4
Bxd4+ 35. cxd4 Bxd5 36. Bxd5 Qxd5 0-1

[Event "Europa tch 2011 femenino"]
[Site "Porto Carras"]
[Date "2011.11.03"]
[Round "1.7"]
[White "Newrkla, Katharina"]
[Black "Hoolt, Sarah"]
[Result "0-1"]
[WhiteElo "2131"]
[BlackElo "2286"]
[PlyCount "66"]
[EventDate "2011.11.03"]
[EventType "team"]
[EventRounds "9"]
[EventCountry "GRE"]
[Source "lmi"]
[SourceDate "2011.11.03"]

1. e4 c5 2. Nf3 e6 3. d4 cxd4 4. Nxd4 Nc6 5. Nc3 Qc7 6. Be3 a6 7. Qd2 Nf6 8.
O-O-O Be7 9. f3 O-O 10. g4 Rd8 11. g5 Nh5 12. Nce2 b5 13. Ng3 Nxd4 14. Qxd4 Nf4
15. h4 Bb7 16. Qb6 Qb8 17. Kb1 Ng6 18. h5 Nf8 19. Rg1 d5 20. Bh3 Rd6 21. Qa5
dxe4 22. Rxd6 Qxd6 23. h6 Rc8 24. hxg7 Ng6 25. fxe4 Ne5 26. Bf4 Qc5 27. Rg2 Nf3
28. Bg4 Nh4 29. Rd2 Ng6 30. Nh5 Nxf4 31. Nxf4 Qxg5 32. Nxe6 Qxg4 33. Qb6 Qxe4
0-1

[Event "Europa tch 2011 femenino"]
[Site "Porto Carras"]
[Date "2011.11.03"]
[Round "1.7"]
[White "Ohme, Melanie"]
[Black "Kopinits, Anna-Christina"]
[Result "1/2-1/2"]
[WhiteElo "2361"]
[BlackElo "2276"]
[PlyCount "98"]
[EventDate "2011.11.03"]
[EventType "team"]
[EventRounds "9"]
[EventCountry "GRE"]
[Source "lmi"]
[SourceDate "2011.11.03"]

1. e4 e5 2. Bc4 Nf6 3. d3 Nc6 4. Nc3 Na5 5. Bb3 Nxb3 6. axb3 d5 7. Bg5 Bb4 8.
exd5 Qxd5 9. Qf3 Qxf3 10. Nxf3 e4 11. Nd2 exd3 12. Bxf6 gxf6 13. Nd5 Bd6 14.
Ne4 Be5 15. cxd3 Be6 16. Nexf6+ Kd8 17. d4 Bxd4 18. O-O-O c5 19. b4 b6 20. bxc5
bxc5 21. Nc3 Kc8 22. Nfe4 Rd8 23. Nb5 Rb8 24. Ned6+ Rxd6 25. Nxd6+ Kc7 26. Ne4
Bxb2+ 27. Kd2 Ba3 28. Ra1 Bb4+ 29. Ke3 a5 30. Rhc1 Kb6 31. f3 Bb3 32. Nc3 Ra8
33. Na4+ Kb5 34. Nc3+ Kb6 35. Na4+ Kb5 36. Nc3+ Bxc3 37. Rxc3 c4 38. Kf4 Re8
39. Re3 Rxe3 40. Kxe3 Kb4 41. Kd4 a4 42. g4 Bc2 43. f4 Bd3 44. Re1 a3 45. Re7
a2 46. Rb7+ Ka3 47. Ra7+ Kb2 48. Rb7+ Kc2 49. Ra7 Kb2 1/2-1/2

[Event "Europa tch 2011 femenino"]
[Site "Porto Carras"]
[Date "2011.11.03"]
[Round "1.8"]
[White "Houska, Jovanka"]
[Black "Videnova, Iva"]
[Result "0-1"]
[WhiteElo "2415"]
[BlackElo "2297"]
[PlyCount "88"]
[EventDate "2011.11.03"]
[EventType "team"]
[EventRounds "9"]
[EventCountry "GRE"]
[Source "lmi"]
[SourceDate "2011.11.03"]

1. d4 c5 2. d5 g6 3. e4 Bg7 4. Nf3 d6 5. Be2 Nf6 6. Nc3 O-O 7. O-O Na6 8. h3
Nc7 9. a4 b6 10. Bf4 a6 11. Bc4 Bb7 12. Qd3 Qd7 13. Rfe1 Rad8 14. Rad1 Nh5 15.
Bh2 b5 16. axb5 Bxc3 17. Qxc3 axb5 18. Bf1 f5 19. exf5 Rxf5 20. Qb3 Bxd5 21.
Rxd5 Rxd5 22. c4 bxc4 23. Bxc4 e6 24. g4 Ng7 25. Bg3 Rf8 26. Ra1 Qc6 27. Ra7
Nge8 28. h4 Rf7 29. Ng5 Rxg5 30. hxg5 Qe4 31. Bb5 Qxg4 32. Bxe8 Nxe8 33. Ra8
Re7 34. Kf1 Kf7 35. Rd8 d5 36. Qb8 Qxg5 37. Bd6 Nxd6 38. Rf8+ Kg7 39. Rg8+ Kh6
40. Qxd6 Rf7 41. Qxe6 Qc1+ 42. Kg2 Rf5 43. Qe3+ Rg5+ 44. Kf3 Qd1+ 0-1

[Event "Europa tch 2011 femenino"]
[Site "Porto Carras"]
[Date "2011.11.03"]
[Round "1.8"]
[White "Nikolova, Adriana"]
[Black "Bhatia, Kanwal K"]
[Result "1-0"]
[WhiteElo "2286"]
[BlackElo "2087"]
[PlyCount "105"]
[EventDate "2011.11.03"]
[EventType "team"]
[EventRounds "9"]
[EventCountry "GRE"]
[Source "lmi"]
[SourceDate "2011.11.03"]

1. e4 e5 2. Nf3 Nc6 3. Bb5 Bc5 4. O-O Nd4 5. Nxd4 Bxd4 6. c3 Bb6 7. d4 c6 8.
Ba4 d6 9. Qd3 Qf6 10. dxe5 dxe5 11. Qg3 h6 12. Nd2 Ne7 13. Nc4 Bc7 14. Ne3 Ng6
15. Nd5 Qd8 16. Nxc7+ Qxc7 17. Bb3 Qe7 18. f4 exf4 19. Bxf4 Nxf4 20. Qxg7 Nh3+
21. gxh3 Rf8 22. Rf3 Bd7 23. Qf6 Qxf6 24. Rxf6 Bxh3 25. Rxh6 Rg8+ 26. Kf2 Bg4
27. h3 Bd7 28. Rd1 O-O-O 29. Rd3 Rg7 30. Rg3 Rdg8 31. Rxg7 Rxg7 32. Kf3 Kd8 33.
h4 Ke7 34. Rh8 Bg4+ 35. Kf4 Bd7 36. Kf3 Bg4+ 37. Kf2 Bh3 38. Rb8 b5 39. Rb7+
Bd7 40. Rxa7 Rh7 41. Kg3 Rg7+ 42. Kf4 Rg4+ 43. Kf3 Rxh4 44. Bxf7 Rh2 45. Bg6
Kd6 46. e5+ Ke6 47. b3 Rd2 48. Kf4 Rf2+ 49. Ke3 Rf1 50. Bh5 Rg1 51. Kf3 Rf1+
52. Kg2 Rf4 53. Kg3 1-0

[Event "Europa tch 2011 femenino"]
[Site "Porto Carras"]
[Date "2011.11.03"]
[Round "1.8"]
[White "Voiska, Margarita"]
[Black "Ciuksyte, Dagne"]
[Result "1/2-1/2"]
[WhiteElo "2328"]
[BlackElo "2327"]
[PlyCount "64"]
[EventDate "2011.11.03"]
[EventType "team"]
[EventRounds "9"]
[EventCountry "GRE"]
[Source "lmi"]
[SourceDate "2011.11.03"]

1. d4 Nf6 2. c4 e6 3. Nf3 Bb4+ 4. Nbd2 O-O 5. a3 Bxd2+ 6. Bxd2 Ne4 7. g3 d5 8.
Qc2 Nxd2 9. Nxd2 dxc4 10. Nf3 b5 11. Bg2 Nc6 12. a4 Rb8 13. axb5 Rxb5 14. O-O
Nxd4 15. Qxc4 Nxf3+ 16. Bxf3 a6 17. b4 e5 18. Rfc1 h6 19. Qxc7 Qd4 20. Rd1 Qxb4
21. Bd5 Qg4 22. Bf3 Qf5 23. Rd8 Rxd8 24. Qxd8+ Kh7 25. g4 Qe6 26. Be4+ g6 27.
h3 Bb7 28. Bxb7 Rxb7 29. Rc1 Qd7 30. Qf6 Rc7 31. Rxc7 Qxc7 32. Qxa6 Qc1+
1/2-1/2

[Event "Europa tch 2011 femenino"]
[Site "Porto Carras"]
[Date "2011.11.03"]
[Round "1.8"]
[White "Yurenok, Maria S"]
[Black "Djingarova, Emilia"]
[Result "1/2-1/2"]
[WhiteElo "2106"]
[BlackElo "2309"]
[PlyCount "86"]
[EventDate "2011.11.03"]
[EventType "team"]
[EventRounds "9"]
[EventCountry "GRE"]
[Source "lmi"]
[SourceDate "2011.11.03"]

1. d4 c5 2. d5 g6 3. c4 Bg7 4. Nc3 d6 5. e4 e6 6. Bd3 Nf6 7. Nge2 O-O 8. O-O
exd5 9. cxd5 Ng4 10. h3 Ne5 11. Bc2 b5 12. Nxb5 Ba6 13. a4 Qb6 14. Nec3 Nbd7
15. b3 Bxb5 16. axb5 c4 17. Ra6 Qc7 18. b4 Nb6 19. Na4 Rab8 20. Be3 f5 21. exf5
gxf5 22. f4 Ng6 23. Bd4 Qd7 24. Bxg7 Qxg7 25. Nxb6 Rxb6 26. Qa1 Rf7 27. Qxg7+
Kxg7 28. Rxb6 axb6 29. g3 Kf6 30. Rd1 Ra7 31. Rd4 Ra3 32. Kf2 Rc3 33. Bd1 Ne7
34. Be2 Rb3 35. Rxc4 Rb2 36. Rd4 h5 37. h4 Kg6 38. Ke3 Ng8 39. Rc4 Nf6 40. Bf3
Rb3+ 41. Ke2 Rb2+ 42. Ke3 Rb3+ 43. Ke2 Rb2+ 1/2-1/2

[Event "Europa tch 2011 femenino"]
[Site "Porto Carras"]
[Date "2011.11.03"]
[Round "1.9"]
[White "Cosma, Elena-Luminita"]
[Black "Brunello, Marina"]
[Result "1/2-1/2"]
[WhiteElo "2335"]
[BlackElo "2221"]
[PlyCount "109"]
[EventDate "2011.11.03"]
[EventType "team"]
[EventRounds "9"]
[EventCountry "GRE"]
[Source "lmi"]
[SourceDate "2011.11.03"]

1. d4 Nf6 2. Nf3 e6 3. g3 b5 4. Bg2 d5 5. a4 b4 6. O-O Nbd7 7. c4 bxc3 8. Nxc3
Bb7 9. Bf4 a6 10. Rc1 c5 11. dxc5 Bxc5 12. e4 Qb6 13. a5 Qxa5 14. exd5 Nxd5 15.
Ne5 N7f6 16. Bd2 Nxc3 17. Bxc3 Qb5 18. Bxb7 Qxb7 19. Nxf7 Qxf7 20. Bxf6 O-O 21.
Rxc5 Qxf6 22. Qe2 Rab8 23. Re5 Rb6 24. Rc1 Qf7 25. Rec5 Qf6 26. R1c2 h6 27. Rc6
Rfb8 28. Rxb6 Rxb6 29. Qe3 Rxb2 30. Rxb2 Qxb2 31. Qxe6+ Kh8 32. Qxa6 Qb1+ 33.
Qf1 Qe4 34. h4 Qf3 35. Qe1 Qf5 36. Qe2 Qh3 37. Qf3 Kg8 38. Qg2 Qe6 39. Qa8+ Kh7
40. Kg2 Qe2 41. Qf3 Qe6 42. h5 Qd7 43. g4 Qe6 44. Qe3 Qd5+ 45. f3 Qd6 46. f4
Qd5+ 47. Kg3 Qh1 48. Qf3 Qe1+ 49. Kh3 Qg1 50. Qd3+ Kh8 51. Qf3 Kh7 52. Qe2 Kh8
53. Qe8+ Kh7 54. Qe4+ Kh8 55. Qf3 1/2-1/2

[Event "Europa tch 2011 femenino"]
[Site "Porto Carras"]
[Date "2011.11.03"]
[Round "1.9"]
[White "Foisor, Cristina-Adela"]
[Black "Sedina, Elena"]
[Result "1/2-1/2"]
[WhiteElo "2418"]
[BlackElo "2343"]
[PlyCount "32"]
[EventDate "2011.11.03"]
[EventType "team"]
[EventRounds "9"]
[EventCountry "GRE"]
[Source "lmi"]
[SourceDate "2011.11.03"]

1. c4 e5 2. g3 Nf6 3. Bg2 c6 4. d4 exd4 5. Qxd4 d5 6. Nc3 Be6 7. cxd5 cxd5 8.
Nf3 Nc6 9. Qa4 Bc5 10. O-O O-O 11. Bg5 h6 12. Bxf6 Qxf6 13. e4 dxe4 14. Nxe4
Qe7 15. Nxc5 Qxc5 16. a3 a5 1/2-1/2

[Event "Europa tch 2011 femenino"]
[Site "Porto Carras"]
[Date "2011.11.03"]
[Round "1.9"]
[White "Messina, Roberta"]
[Black "Bulmaga, Irina"]
[Result "0-1"]
[WhiteElo "1964"]
[BlackElo "2334"]
[PlyCount "68"]
[EventDate "2011.11.03"]
[EventType "team"]
[EventRounds "9"]
[EventCountry "GRE"]
[Source "lmi"]
[SourceDate "2011.11.03"]

1. c4 Nf6 2. g3 e6 3. Bg2 d5 4. b3 d4 5. Bb2 c5 6. Nf3 Nc6 7. O-O Bd6 8. d3 O-O
9. Nbd2 h6 10. Ne1 e5 11. Ne4 Be7 12. Ba3 Qa5 13. Nc2 Nxe4 14. Bxe4 Bh3 15. Bg2
Bxg2 16. Kxg2 f5 17. Qe1 Qxe1 18. Rfxe1 e4 19. Rad1 Rad8 20. Rd2 Rd7 21. Red1
Rfd8 22. e3 b6 23. dxe4 fxe4 24. exd4 cxd4 25. Bxe7 Rxe7 26. Kf1 d3 27. Ne3 Ne5
28. Nd5 Rf7 29. h3 Rxd5 30. cxd5 e3 31. f4 exd2 32. Rxd2 g5 33. Kg2 gxf4 34.
gxf4 Rxf4 0-1

[Event "Europa tch 2011 femenino"]
[Site "Porto Carras"]
[Date "2011.11.03"]
[Round "1.9"]
[White "Zimina, Olga"]
[Black "L'ami, Alina"]
[Result "0-1"]
[WhiteElo "2338"]
[BlackElo "2364"]
[PlyCount "76"]
[EventDate "2011.11.03"]
[EventType "team"]
[EventRounds "9"]
[EventCountry "GRE"]
[Source "lmi"]
[SourceDate "2011.11.03"]

1. e4 c5 2. Nf3 d6 3. d4 cxd4 4. Qxd4 a6 5. c4 Nc6 6. Qd2 g6 7. b3 Bg7 8. Bb2
Nf6 9. Nc3 O-O 10. Be2 a5 11. Bd3 Bg4 12. Nh4 e5 13. h3 Be6 14. Nf3 Nh5 15. Nb5
f5 16. O-O Nf4 17. Bc2 Nb4 18. Bb1 fxe4 19. Bxe4 d5 20. cxd5 Bxd5 21. Bxd5+
Nbxd5 22. Rad1 Qb6 23. Na3 Rad8 24. Nc4 Qe6 25. Bxe5 Nxg2 26. Kxg2 Rxf3 27.
Kxf3 Bxe5 28. Nxe5 Qxh3+ 29. Ke2 Qh5+ 30. Nf3 Re8+ 31. Kd3 Qxf3+ 32. Kc2 Re2
33. Kb1 Rxd2 34. Rxd2 Nc3+ 35. Kb2 Qf6 36. Rc2 Nd5+ 37. Kb1 Qf5 38. Kb2 Ne3 0-1

[Event "Europa tch 2011 femenino"]
[Site "Porto Carras"]
[Date "2011.11.03"]
[Round "1.10"]
[White "Pascual Palomo, Lucia"]
[Black "Blagojevic, Tijana"]
[Result "1-0"]
[WhiteElo "2104"]
[BlackElo "1925"]
[PlyCount "73"]
[EventDate "2011.11.03"]
[EventType "team"]
[EventRounds "9"]
[EventCountry "GRE"]
[Source "lmi"]
[SourceDate "2011.11.03"]

1. e4 e5 2. Nf3 Nc6 3. Bb5 Nf6 4. O-O Nxe4 5. d4 Nd6 6. dxe5 Nxb5 7. a4 Nbd4 8.
Nxd4 Nxd4 9. Qxd4 d5 10. Nc3 c6 11. Qd3 Qc7 12. f4 g6 13. Be3 Bf5 14. Qe2 h5
15. Qf2 b6 16. a5 b5 17. Bc5 Bxc5 18. Qxc5 Rc8 19. Rf2 Qe7 20. Qd4 O-O 21. Nd1
Rfd8 22. Ne3 Be4 23. Nf1 c5 24. Qe3 Bf5 25. Ng3 Qe6 26. Rd2 a6 27. c3 f6 28.
Rad1 Bg4 29. Re1 h4 30. Nf1 Re8 31. Qf2 h3 32. Ne3 fxe5 33. Nxd5 Qf5 34. Qh4 g5
35. fxg5 Rcd8 36. Nf6+ Kg7 37. Rf2 1-0

[Event "Europa tch 2011 femenino"]
[Site "Porto Carras"]
[Date "2011.11.03"]
[Round "1.10"]
[White "Stojanovic, Marija R"]
[Black "Calzetta Ruiz, Monica"]
[Result "1/2-1/2"]
[WhiteElo "2095"]
[BlackElo "2301"]
[PlyCount "53"]
[EventDate "2011.11.03"]
[EventType "team"]
[EventRounds "9"]
[EventCountry "GRE"]
[Source "lmi"]
[SourceDate "2011.11.03"]

1. e4 c5 2. Nf3 Nc6 3. Bb5 g6 4. c3 Bg7 5. O-O e5 6. Re1 Nge7 7. d3 O-O 8. Be3
d6 9. d4 exd4 10. cxd4 Bg4 11. Na3 Nxd4 12. Bxd4 Bxd4 13. Rb1 d5 14. h3 Bxf3
15. Qxf3 a6 16. Bd3 Bg7 17. exd5 Nxd5 18. Bc4 Nb4 19. Qxb7 Rb8 20. Qe7 Qc8 21.
Re2 Bd4 22. Qg5 Rb6 23. Rd1 Rd6 24. Rde1 Rf6 25. Nc2 Nxc2 26. Rxc2 Qd8 27. Qd5
1/2-1/2

[Event "Europa tch 2011 femenino"]
[Site "Porto Carras"]
[Date "2011.11.03"]
[Round "1.10"]
[White "Vega Gutierrez, Sabrina"]
[Black "Milovic, Aleksandra"]
[Result "1/2-1/2"]
[WhiteElo "2327"]
[BlackElo "2171"]
[PlyCount "82"]
[EventDate "2011.11.03"]
[EventType "team"]
[EventRounds "9"]
[EventCountry "GRE"]
[Source "lmi"]
[SourceDate "2011.11.03"]

1. e4 c5 2. Nf3 e6 3. d4 cxd4 4. Nxd4 Nc6 5. Nc3 d6 6. Be2 Nf6 7. O-O Be7 8.
Be3 O-O 9. f4 e5 10. Nxc6 bxc6 11. fxe5 dxe5 12. Qe1 Be6 13. Qg3 Qb8 14. Bh6
Ne8 15. b3 Kh8 16. Bg5 f6 17. Be3 Qb4 18. Bf2 Bc5 19. a3 Bxf2+ 20. Rxf2 Qe7 21.
Bg4 Nc7 22. Na4 Rfd8 23. Bxe6 Nxe6 24. Qc3 Rd6 25. b4 Rad8 26. Raf1 Qd7 27. Nc5
Nxc5 28. Qxc5 Rd1 29. c3 h6 30. Rxd1 Qxd1+ 31. Rf1 Qa4 32. h3 Rd2 33. Rxf6 gxf6
34. Qf8+ Kh7 35. Qf7+ Kh8 36. Qxf6+ Kh7 37. Qf5+ Kg7 38. Qxe5+ Kg8 39. Qe6+ Kg7
40. Qg4+ Kh8 41. Qc8+ Kh7 1/2-1/2

[Event "Europa tch 2011 femenino"]
[Site "Porto Carras"]
[Date "2011.11.03"]
[Round "1.10"]
[White "Vojinovic, Jovana"]
[Black "Alexandrova, Olga"]
[Result "0-1"]
[WhiteElo "2346"]
[BlackElo "2423"]
[PlyCount "70"]
[EventDate "2011.11.03"]
[EventType "team"]
[EventRounds "9"]
[EventCountry "GRE"]
[Source "lmi"]
[SourceDate "2011.11.03"]

1. Nf3 Nf6 2. g3 d5 3. Bg2 c6 4. c4 Bg4 5. Ne5 Be6 6. cxd5 Bxd5 7. Nf3 c5 8.
Nc3 Bc6 9. d3 e6 10. O-O Be7 11. e4 Nbd7 12. Qe2 e5 13. Nh4 Nf8 14. Nf5 Ne6 15.
b3 Nd4 16. Nxd4 cxd4 17. Nd1 O-O 18. f4 Nd7 19. Nf2 exf4 20. Bxf4 Bg5 21. Bd6
Be7 22. Bf4 Bg5 23. Bd6 Re8 24. Bh3 Ne5 25. Ba3 Be3 26. Rad1 Qg5 27. Bc1 Rad8
28. Rfe1 Bxc1 29. Rxc1 h5 30. Kh1 Rd6 31. Rc2 Rf6 32. Rf1 Nxd3 33. Nxd3 Rxe4
34. Qg2 Rxf1+ 35. Qxf1 Re1+ 0-1

[Event "Europa tch 2011 femenino"]
[Site "Porto Carras"]
[Date "2011.11.03"]
[Round "1.11"]
[White "Heinatz, Dr Gundula"]
[Black "Krivec, Jana"]
[Result "1-0"]
[WhiteElo "2205"]
[BlackElo "2291"]
[PlyCount "57"]
[EventDate "2011.11.03"]
[EventType "team"]
[EventRounds "9"]
[EventCountry "GRE"]
[Source "lmi"]
[SourceDate "2011.11.03"]

1. c4 e5 2. g3 d6 3. Bg2 g6 4. d4 Bg7 5. dxe5 dxe5 6. Qxd8+ Kxd8 7. Nc3 c6 8.
Bd2 Be6 9. b3 f5 10. e4 Nd7 11. Nge2 Ngf6 12. O-O h5 13. h4 Nc5 14. Bg5 Kc7 15.
Rac1 Rae8 16. Nd5+ Bxd5 17. cxd5 Nfxe4 18. dxc6 bxc6 19. Be3 Ne6 20. Rc4 c5 21.
Bxe4 fxe4 22. Nc3 g5 23. hxg5 h4 24. Nxe4 hxg3 25. fxg3 Rh3 26. Rf7+ Kb8 27.
Bxc5 Reh8 28. Rb4+ Ka8 29. Rxa7# 1-0

[Event "Europa tch 2011 femenino"]
[Site "Porto Carras"]
[Date "2011.11.03"]
[Round "1.11"]
[White "Muzychuk, Anna"]
[Black "Seps, Monika"]
[Result "1-0"]
[WhiteElo "2557"]
[BlackElo "2198"]
[PlyCount "81"]
[EventDate "2011.11.03"]
[EventType "team"]
[EventRounds "9"]
[EventCountry "GRE"]
[Source "lmi"]
[SourceDate "2011.11.03"]

1. e4 c5 2. Nf3 Nc6 3. Nc3 e5 4. Bc4 Be7 5. d3 Nf6 6. Nd2 d6 7. Nf1 Be6 8. Ne3
O-O 9. O-O a6 10. a4 Rb8 11. Ned5 Nd7 12. f4 exf4 13. Bxf4 Nde5 14. Nxe7+ Qxe7
15. Nd5 Qd8 16. Ba2 b5 17. axb5 axb5 18. Qd2 Qd7 19. c3 c4 20. d4 Ng6 21. Ne3
Nxf4 22. Rxf4 Ra8 23. d5 Ra4 24. dxe6 Qxe6 25. Nc2 Qe7 26. Na3 Ne5 27. Bb1 Qg5
28. Kh1 Ng6 29. Rf2 Qc5 30. Bc2 Raa8 31. Rd1 Ra6 32. Qd4 Qc6 33. Qd5 Qb6 34.
Rdf1 Ne5 35. h3 Ra5 36. Qd4 Qb8 37. Rd2 Rd8 38. Bd1 g6 39. Nc2 Nd3 40. Ne3 Ra2
41. Ng4 1-0

[Event "Europa tch 2011 femenino"]
[Site "Porto Carras"]
[Date "2011.11.03"]
[Round "1.11"]
[White "Srebrnic, Ana"]
[Black "De Seroux, Camille"]
[Result "0-1"]
[WhiteElo "2219"]
[BlackElo "2056"]
[PlyCount "77"]
[EventDate "2011.11.03"]
[EventType "team"]
[EventRounds "9"]
[EventCountry "GRE"]
[Source "lmi"]
[SourceDate "2011.11.03"]

1. Nf3 Nf6 2. c4 g6 3. Nc3 Bg7 4. e4 d6 5. d4 O-O 6. Be2 e5 7. O-O Nc6 8. d5
Ne7 9. Ne1 Nd7 10. g4 f5 11. f3 Rf7 12. Nd3 a6 13. Be3 Qf8 14. Qd2 Nf6 15. h3
f4 16. Bf2 g5 17. c5 Bd7 18. cxd6 cxd6 19. b3 h5 20. Nb2 Bh8 21. Kg2 b5 22. a4
b4 23. Na2 hxg4 24. hxg4 Bxg4 25. fxg4 Nxe4 26. Qxb4 Nxf2 27. Kxf2 Nxd5 28. Qe4
Nf6 29. Qg6+ Rg7 30. Qf5 d5 31. Qxe5 Re8 32. Qf5 Qc5+ 33. Ke1 Qe3 34. Qd3 Qe5
35. Nc3 Rb7 36. Nbd1 Rxb3 37. Rc1 Rc8 38. Qg6+ Bg7 39. Na2 0-1

[Event "Europa tch 2011 femenino"]
[Site "Porto Carras"]
[Date "2011.11.03"]
[Round "1.11"]
[White "Stoeri, Laura"]
[Black "Rozic, Vesna"]
[Result "1/2-1/2"]
[WhiteElo "1939"]
[BlackElo "2263"]
[PlyCount "210"]
[EventDate "2011.11.03"]
[EventType "team"]
[EventRounds "9"]
[EventCountry "GRE"]
[Source "lmi"]
[SourceDate "2011.11.03"]

1. e4 e6 2. d4 d5 3. Nd2 c5 4. exd5 Qxd5 5. Ngf3 cxd4 6. Bc4 Qd7 7. O-O Nf6 8.
Nb3 Nc6 9. Nbxd4 Bc5 10. Nxc6 Qxc6 11. Ne5 Qb6 12. Qe2 O-O 13. c3 a6 14. Rd1
Re8 15. Bf4 Qa7 16. a4 b6 17. b4 Bf8 18. Nc6 Qb7 19. Qf3 Nd5 20. Bxd5 exd5 21.
Qxd5 Be6 22. Qf3 Rac8 23. b5 Bc4 24. Rdb1 axb5 25. axb5 Bxb5 26. Rxb5 Qxc6 27.
Qxc6 Rxc6 28. Be3 Rxc3 29. Rxb6 Rc7 30. g3 f6 31. Kg2 Kf7 32. Ra4 Rd7 33. Rd4
Rxd4 34. Bxd4 Re7 35. Bc5 Rd7 36. Bxf8 Kxf8 37. Kf3 Kf7 38. Ke3 Re7+ 39. Kf3
Ra7 40. Ke4 Ra4+ 41. Kf3 g5 42. g4 Kg6 43. Rc6 Rf4+ 44. Kg3 h5 45. gxh5+ Kxh5
46. Ra6 Kg6 47. Rb6 Ra4 48. Rb5 Rc4 49. Ra5 Rb4 50. Rc5 Kf7 51. Rc6 Rb3+ 52.
Kg4 Kg6 53. Ra6 Rc3 54. Rb6 Ra3 55. Rc6 Ra4+ 56. Kg3 Kf5 57. Rc5+ Ke6 58. Rc6+
Ke5 59. Rc5+ Kd6 60. Rf5 Ke6 61. Rb5 Ra6 62. Kg4 Rc6 63. Ra5 Rb6 64. Rc5 Rb4+
65. Kg3 f5 66. Ra5 Rb3+ 67. Kg2 Rb6 68. Kg3 Kf6 69. Rc5 Rb3+ 70. Kg2 Rb4 71.
Kg3 Rb3+ 72. Kg2 g4 73. Ra5 Kg5 74. Rc5 Rh3 75. Ra5 Kf6 76. Ra4 Rb3 77. Ra5 Rc3
78. Rb5 Ra3 79. Rc5 Kg5 80. Rb5 Kg6 81. Rb4 Rd3 82. Ra4 Rb3 83. Rc4 Kg5 84. Rc5
Kf4 85. Rc4+ Ke5 86. Rc5+ Ke4 87. Rc4+ Kd5 88. Rf4 Ke5 89. Ra4 f4 90. Ra5+ Kf6
91. Rc5 Kg6 92. Ra5 Rc3 93. Rb5 Ra3 94. Rc5 Rh3 95. Rc6+ Kf5 96. Rc5+ Kf6 97.
Rc6+ Ke5 98. Rc5+ Kd4 99. Ra5 f3+ 100. Kg1 Ke4 101. Ra4+ Kf5 102. Ra5+ Kf6 103.
Ra6+ Ke5 104. Ra5+ Kf6 105. Ra6+ Ke5 1/2-1/2

[Event "Europa tch 2011 femenino"]
[Site "Porto Carras"]
[Date "2011.11.03"]
[Round "1.12"]
[White "Batkovskyte, Dominyka"]
[Black "Guichard, Pauline"]
[Result "0-1"]
[WhiteElo "2102"]
[BlackElo "2305"]
[PlyCount "74"]
[EventDate "2011.11.03"]
[EventType "team"]
[EventRounds "9"]
[EventCountry "GRE"]
[Source "lmi"]
[SourceDate "2011.11.03"]

1. d4 Nf6 2. c4 e6 3. Nc3 Bb4 4. Qc2 O-O 5. Nf3 d5 6. cxd5 exd5 7. Bg5 h6 8.
Bh4 g5 9. Bg3 c5 10. e3 c4 11. Nd2 Nc6 12. Be2 Re8 13. a3 Bxc3 14. bxc3 Ne7 15.
e4 Nxe4 16. Nxe4 dxe4 17. Bxc4 Nd5 18. O-O Be6 19. Bb5 Bd7 20. Bxd7 Qxd7 21. c4
Rac8 22. Qb3 Nf4 23. Qe3 Ne6 24. Be5 Nf8 25. f4 exf3 26. Qxf3 Ng6 27. Bf6 Nf4
28. Be5 Rxc4 29. Bxf4 Qxd4+ 30. Kh1 gxf4 31. Qxb7 Rc2 32. Rae1 Rxe1 33. Rxe1
Qe3 34. Qb8+ Kh7 35. Qb1 Qf2 36. Rg1 f3 37. h3 fxg2+ 0-1

[Event "Europa tch 2011 femenino"]
[Site "Porto Carras"]
[Date "2011.11.03"]
[Round "1.12"]
[White "Collas, Silvia"]
[Black "Vanagaite, Giedre"]
[Result "1-0"]
[WhiteElo "2287"]
[BlackElo "1958"]
[PlyCount "95"]
[EventDate "2011.11.03"]
[EventType "team"]
[EventRounds "9"]
[EventCountry "GRE"]
[Source "lmi"]
[SourceDate "2011.11.03"]

1. d4 d5 2. Nf3 Nf6 3. c4 c6 4. Nc3 e6 5. g3 Nbd7 6. Bg2 Be7 7. O-O O-O 8. Qd3
b6 9. b3 Bb7 10. Rd1 Rc8 11. e4 dxe4 12. Nxe4 c5 13. Nxf6+ Bxf6 14. Ng5 Bxg5
15. Bxb7 Rb8 16. Bg2 cxd4 17. Bxg5 Qxg5 18. Qxd4 Rfd8 19. f4 Qf6 20. Qxf6 Nxf6
21. Bf3 Kf8 22. Kf2 Ke7 23. Ke3 Rxd1 24. Rxd1 Rd8 25. Rxd8 Kxd8 26. Kd4 Kc7 27.
b4 Nd7 28. c5 bxc5+ 29. bxc5 Nb8 30. Be4 h6 31. Kc4 Nc6 32. Kb5 Ne7 33. Ka6 Nd5
34. a4 Kb8 35. Bf3 Ka8 36. f5 Kb8 37. Bh5 exf5 38. Bxf7 Ne7 39. Be6 g5 40. Kb5
Kc7 41. Kc4 Kc6 42. Kd4 a5 43. Bf7 f4 44. Be8+ Kc7 45. gxf4 Nf5+ 46. Ke5 Ng7
47. fxg5 hxg5 48. Bf7 1-0

[Event "Europa tch 2011 femenino"]
[Site "Porto Carras"]
[Date "2011.11.03"]
[Round "1.12"]
[White "Maisuradze, Nino"]
[Black "Zaksaite, Salomeja"]
[Result "0-1"]
[WhiteElo "2315"]
[BlackElo "2200"]
[PlyCount "82"]
[EventDate "2011.11.03"]
[EventType "team"]
[EventRounds "9"]
[EventCountry "GRE"]
[Source "lmi"]
[SourceDate "2011.11.03"]

1. d4 Nf6 2. c4 g6 3. Nc3 d5 4. Bf4 Bg7 5. e3 c5 6. dxc5 Qa5 7. Rc1 dxc4 8.
Bxc4 Qxc5 9. Bb3 O-O 10. Nf3 Qa5 11. O-O Nc6 12. h3 Bf5 13. Qe2 Ne4 14. g4 Nxc3
15. bxc3 Bd7 16. Rfd1 Rad8 17. Rd5 Qa3 18. Rcd1 Be6 19. Rb5 Rxd1+ 20. Qxd1 Qa6
21. a4 Bxb3 22. Qxb3 b6 23. Nd4 Na5 24. Qb4 Re8 25. Bg3 Qc8 26. Kh2 Nc4 27. Nb3
a5 28. Nxa5 bxa5 29. Qb3 Qc6 30. Bf4 Nd2 31. Qd5 Qxd5 32. Rxd5 Bxc3 33. Bc7 Ra8
34. Kg2 Bb4 35. h4 Ne4 36. h5 Nc3 37. Rd3 Nxa4 38. h6 Nc5 39. Rd1 a4 40. Rb1
Bc3 41. Rc1 a3 0-1